LEADER 00824nam0-22002771i-450- 001 990006194750403321 005 19980601 035 $a000619475 035 $aFED01000619475 035 $a(Aleph)000619475FED01 035 $a000619475 100 $a19980601d1866----km-y0itay50------ba 105 $a--------00-yy 200 1 $aBriefe uber schriftstellersches Eigenthum$enach dem amerikanischen Original ubersetzt$fHenry C. Carey. 210 $aBerlin$cEichoff Albert$d1866 215 $aVI,, 93 p.$d24 cm 676 $a346.048 700 1$aCarey,$bHenry Charles$f<1793-1879>$0234804 801 0$aIT$bUNINA$gRICA$2UNIMARC 901 $aBK 912 $a990006194750403321 952 $aI E 113$b997$fFGBC 959 $aFGBC 996 $aBriefe uber schriftstellersches Eigenthum$9648945 997 $aUNINA DB $aGIU01 LEADER 01890nam2 22004093i 450 001 VAN00240869 005 20251118121410.114 017 70$2N$a9783030538972 100 $a20220218d2021 |0itac50 ba 101 $aeng 102 $aCH 105 $a|||| ||||| 181 $ai$b e 182 $ab 183 $acr 200 1 $aˆ1: ‰Eco-functionality of the Physical Environment of Rivers$fSusanta Kumar Chakraborty 210 $aCham$cSpringer$d2021 215 $aXXXIII, 566 p.$cill.$d24 cm 461 1$1001VAN00240855$12001 $aRiverine Ecology$fSusanta Kumar Chakraborty$1210 $aCham$cSpringer$1215 $avolumi$cill.$d24 cm$v1 620 $aCH$dCham$3VANL001889 676 $a550$cScienze della terra e geologia - Geofisica$v22 676 $a551.48$cIdrologia. Ciclo idrologico$v22 676 $a577.7$cEcologia marina$v22 676 $a333.95$cBiodiversità$v22 700 1$aChakraborty$bSusanta K.$3VANV197251$01082506 712 $aSpringer $3VANV108073$4650 790 1$aChakraborty, Susanta Kumar$zChakraborty, Susanta K.$3VANV197252 790 1$aChakraborty, S. K.$zChakraborty, Susanta K.$3VANV202891 790 1$aChakraborty, S.K.$zChakraborty, Susanta K.$3VANV202892 801 $aIT$bSOL$c20251121$gRICA 856 4 $uhttps://link.springer.com/book/10.1007/978-3-030-53897-2$zE-book - Accesso al full-text attraverso riconoscimento IP di Ateneo, proxy e/o Shibboleth 899 $aBIBLIOTECA DEL DIPARTIMENTO DI SCIENZE E TECNOLOGIE AMBIENTALI BIOLOGICHE E FARMACEUTICHE$1IT-CE0101$2VAN17 912 $fN 912 $aVAN00240869 950 $aBIBLIOTECA DEL DIPARTIMENTO DI SCIENZE E TECNOLOGIE AMBIENTALI BIOLOGICHE E FARMACEUTICHE$d17CONS e-book 2224 $e17BIB2224/224 224 20220218 996 $aEco-functionality of the Physical Environment of Rivers$92598064 997 $aUNICAMPANIA